Loading...
R.C.Majumdar Felicitation Volume
| Main Author: | |
|---|---|
| Format: | Printed Book |
| Language: | English |
| Published: |
Calcutta
Firma K.L. Mukhopadhyay
1979
|
| LEADER | 00445nam a22001217a 4500 | ||
|---|---|---|---|
| 008 | 210923b |||||||| |||| 00| 0 eng d | ||
| 082 | |a 934 | ||
| 100 | |a Sarkar,Himansu Bhusan | ||
| 245 | |a R.C.Majumdar Felicitation Volume | ||
| 260 | |a Calcutta |b Firma K.L. Mukhopadhyay |c 1979 | ||
| 942 | |c BK | ||
| 999 | |c 361492 |d 361492 | ||
| 952 | |0 0 |1 0 |2 ddc |4 0 |6 934_000000000000000_SAR_R |7 0 |9 420497 |a HIS |b HIS |c ST1 |d 2021-09-23 |i 13229 |l 0 |o 934 SAR/R |p HIS13229 |r 2021-09-23 |w 2021-09-23 |y BK | ||